Bar codes: Technology and implementation
Saved in:
| Main Author: | |
|---|---|
| Format: | Book |
| Language: | Undetermined |
| Published: |
New Delhi, India
Tata McGraw-Hill
2001
|
| Subjects: | |
| Tags: |
Add Tag
No Tags, Be the first to tag this record!
|
| Institutions: | Trung tâm Học liệu Trường Đại học Cần Thơ |
|---|
| LEADER | 00512nam a2200181Ia 4500 | ||
|---|---|---|---|
| 001 | CTU_58138 | ||
| 008 | 210402s9999 xx 000 0 und d | ||
| 082 | |a 006.42 | ||
| 082 | |b R162 | ||
| 100 | |a A. S. Bhaskar Raj | ||
| 245 | 0 | |a Bar codes: Technology and implementation | |
| 245 | 0 | |c A. S. Bhaskar Raj | |
| 260 | |a New Delhi, India | ||
| 260 | |b Tata McGraw-Hill | ||
| 260 | |c 2001 | ||
| 650 | |a bar coding,optical data processing | ||
| 904 | |i Minh | ||
| 980 | |a Trung tâm Học liệu Trường Đại học Cần Thơ | ||